Statystyki dla Największe jeziora świata

Kliknij tutaj aby rozwiązać quiz!

Ogólne statystyki

  • Ten quiz został rozwiązany 424 razy
  • Średni wynik to 18 z 34

Statystyki odpowiedzi

Lp.Odpowiedź% Poprawnych
1.Morze Kaspijskie376 0001025
88%
7.Bajkał31 5001642
87%
3.Jezioro Wiktorii68 00080
79%
15.Azja
59%
7.Azja
59%
1.Azja
59%
14.Europa
59%
2.Jezioro Górne82 400406
59%
5.Jezioro Michigan57 800281
59%
9.Afryka
58%
6.Afryka
58%
3.Afryka
58%
4.Ameryka Północna
58%
5.Ameryka Północna
58%
13.Ameryka Północna
58%
12.Ameryka Północna
58%
11.Ameryka Północna
58%
10.Ameryka Północna
58%
8.Ameryka Północna
58%
2.Ameryka Północna
58%
17.Ameryka Południowa
58%
13.Jezioro Ontario19 470244
52%
6.Tanganika34 0001435
50%
11.Jezioro Erie25 70064
48%
8.Wielkie Jezioro Niedźwiedzie31 150446
47%
14.Ładoga17 890230
46%
16.Antarktyda
41%
4.Jezioro Huron59 600228
39%
10.Wielkie Jezioro Niewolnicze27 200614
38%
9.Jezioro Malawi (Niasa)29 600706
36%
15.Bałchasz16 40027
23%
12.Jezioro Winnipeg24 40018
19%
17.Jezioro Maracaibo14 34060
18%
16.Jezioro Wostok15 690870
12%

Rozkład punktacji

Percentyl według liczby udzielonych odpowiedzi

Procent ludzi z każdym wynikiem

Twoja historia wyników

Nie rozwiązałeś tego quizu